01488nam a2200265 a 4500008004100000020001500041050001800056100002300074245004700097250001100144260003000155300002200185350000900207500001700216650003900233650002300272650002200295995016700317995015300484995016600637999001700803952013700820952013700957952012801094120416s1995 ||||||||||||||||| || u a0077091477 aQD 272.S6 Wil aWilliams, Dudley H10aSpectroscopic methods in organic chemistry a5th ed aLondonbMcGraw-Hillc1995 axiii, 329p. : ill a0.00 aBibliography 0aCHEMISTRY--HANDBOOKS, MANUALS, ETC 0aCHEMISTRY, ORGANIC 0aSPECTRUM ANALYSIS aMAIN LIBRARY OPEN ACCESSD0.00e727590FCBU-MAIN LIBRARY (Kitwe)H2I19.00jQD 272.S6 WilM2UAVAILABLEWMar 13, 2007y025415ZMain Library Open Access Collection aMAIN LIBRARY OPEN ACCESSD0.00e727298FCBU-MAIN LIBRARY (Kitwe)H1I19.00jQD 272.S6 WilM1UAVAILABLEy018043ZMain Library Open Access Collection aANNEX COLLECTION (Main Library)D0.00e727589FCBU-MAIN LIBRARY (Kitwe)H3I19.00jQD 272.S6 WilM3UAVAILABLEWMar 13, 2007y025414ZAnnex Low-Usage Collection  c76703d76703 00102lcc4070a001b001cMain Library Open Access Collectiond2023-04-25l0oQD 272.S6 Wilp025415r2023-04-25t1w2023-04-25y002 00102lcc4070a001b001cMain Library Open Access Collectiond2023-04-25l0oQD 272.S6 Wilp018043r2023-04-25t2w2023-04-25y002 00102lcc4070a001b001cAnnex Low-Usage Collectiond2023-04-25l0oQD 272.S6 Wilp025414r2023-04-25t3w2023-04-25y002